Холодильно-компрессорные машины и установки: учебник

Detalles Bibliográficos
Autor principal: Кондрашова Н. Г. Наталия Геновна
Otros Autores: Лашутина Н. Г. Надежда Григорьевна
Lenguaje:ruso
Publicado: Москва, Высшая школа, 1973
Edición:2-е изд., доп. и перераб.
Materias:
Formato: Libro
KOHA link:https://koha.lib.tpu.ru/cgi-bin/koha/opac-detail.pl?biblionumber=72367

MARC

LEADER 00000nam0a2200000 4500
001 72367
005 20231031083356.0
035 |a (RuTPU)RU\TPU\book\77172 
090 |a 72367 
100 |a 20050119d1973 m y0rusy50 ca 
101 0 |a rus 
102 |a RU 
105 |a a j 001zy 
200 1 |a Холодильно-компрессорные машины и установки  |e учебник  |f Н. Г. Кондрашова, Н. Г. Лашутина 
205 |a 2-е изд., доп. и перераб. 
210 |a Москва  |c Высшая школа  |d 1973 
215 |a 384 с.  |c ил. 
610 1 |a холодильные машины 
610 1 |a холодильные установки 
610 1 |a компрессорные машины 
610 1 |a расчет 
610 1 |a конструкции 
610 1 |a учебники 
675 |a 621.57(075.32)  |v 3 
700 1 |a Кондрашова  |b Н. Г.  |g Наталия Геновна 
701 1 |a Лашутина  |b Н. Г.  |g Надежда Григорьевна 
801 1 |a RU  |b 63413507  |c 20050119  |g PSBO 
801 2 |a RU  |b 63413507  |c 20220113  |g PSBO 
900 |a Машиностроение 
942 |c BK 
952 |a 552900  |b 120100